[Event "World University Women"]
[Site "Katowice POL"]
[Date "2014.08.22"]
[Round "7.5"]
[White "Bartel, Marta"]
[Black "Khlichkova, Tatiana"]
[Result "1-0"]
[WhiteTitle "WGM"]
[BlackTitle "WFM"]
[WhiteElo "2359"]
[BlackElo "2232"]
[WhiteFideId "1123009"]
[BlackFideId "24145084"]
[EventDate "2014.08.18"]

1. d4 e6 2. c4 f5 3. Nf3 Nf6 4. g3 Bb4+ 5. Bd2 Qe7 6. Bg2 Ne4 7. O-O Bxd2 8.
Nfxd2 Nxd2 9. Qxd2 O-O 10. Nc3 Qf7 11. f4 Nc6 12. e4 Ne7 13. Nb5 c6 14. Nd6 Qg6
15. Rae1 b6 16. b4 Rb8 17. b5 cxb5 18. cxb5 fxe4 19. Bxe4 Nf5 20. Qb4 Qf6 21.
Bxf5 exf5 22. Re5 g6 23. Qc4+ Kh8 24. Qd5 Qg7 25. Rfe1 Qg8 26. Qg2 Qg7 27. Qf3
h6 28. h3 a6 29. a4 axb5 30. axb5 g5 31. fxg5 hxg5 32. Qh5+ Qh7 33. Qxg5 Qg7 34.
Qh4+ Qh7 35. Re8 Bb7 36. Rxf8+ 1-0

[Event "World University Women"]
[Site "Katowice POL"]
[Date "2014.08.22"]
[Round "7.6"]
[White "Lach, Aleksandra"]
[Black "Terao, Juliana Sayumi"]
[Result "1/2-1/2"]
[WhiteTitle "WFM"]
[BlackTitle "WIM"]
[WhiteElo "2190"]
[BlackElo "2222"]
[WhiteFideId "1134299"]
[BlackFideId "2109220"]
[EventDate "2014.08.18"]

1. e4 c5 2. Nf3 e6 3. d4 cxd4 4. Nxd4 a6 5. Bd3 Nf6 6. O-O Qc7 7. f4 Bc5 8. c3
d6 9. Kh1 e5 10. Nb3 Ba7 11. c4 Nc6 12. f5 Nb4 13. Nc3 Nxd3 14. Qxd3 Bd7 15. Bg5
Bc6 16. Be3 Bxe3 17. Qxe3 b5 18. Nd5 Bxd5 19. cxd5 Qc2 20. Qb6 O-O 21. Qxd6 Qxe4
22. Rae1 Qxd5 23. Qxd5 Nxd5 24. Rxe5 Rfd8 25. h3 h5 26. Nc5 Nf6 27. Rf2 Rd4 28.
g3 Rad8 29. Rfe2 R8d6 30. Kg2 Rc4 31. Kf3 Rc1 32. Rf2 Rh1 33. Kg2 Rdd1 34. Nxa6
Rdg1+ 35. Kf3 Rxh3 36. Rg2 Rf1+ 37. Ke2 Rhh1 38. Rxb5 Rd1 39. Rb3 Rhe1+ 40. Kf3
Ng4 41. Re2 Ne5+ 42. Ke3 Nc4+ 43. Kf2 Rf1+ 44. Kg2 Rg1+ 45. Kh2 Rh1+ 46. Kg2
Rhg1+ 47. Kh2 Rh1+ 48. Kg2 Rhg1+ 1/2-1/2

[Event "World University Women"]
[Site "Katowice POL"]
[Date "2014.08.22"]
[Round "7.7"]
[White "Dogodkina, Julia"]
[Black "Eric, Jovana"]
[Result "1-0"]
[WhiteTitle "WFM"]
[BlackTitle "WIM"]
[WhiteElo "2210"]
[BlackElo "2201"]
[WhiteFideId "24143375"]
[BlackFideId "938238"]
[EventDate "2014.08.18"]

1. e4 c5 2. c3 g6 3. d4 Qc7 4. d5 Bg7 5. f4 d6 6. Na3 a6 7. h3 Nf6 8. Be3 Nbd7
9. Bd3 c4 10. Nxc4 Nxe4 11. Bxe4 Qxc4 12. Bf3 Nc5 13. Be2 Qe4 14. Qd2 O-O 15.
Nf3 Qa4 16. O-O Bf5 17. g4 Be4 18. Ng5 h6 19. Nxe4 Nxe4 20. Qd3 Ng3 21. Rfe1
Nxe2+ 22. Rxe2 Rac8 23. Bd2 Bf6 24. Re4 Qd7 25. Rae1 Rfe8 26. Rb4 Rc7 27. f5 g5
28. Qe4 Kg7 29. Be3 Rh8 30. Bb6 Rcc8 31. Bd4 Rc7 32. Qe3 Ra8 33. Rb6 Rd8 34. b3
Rh8 35. c4 Qd8 36. Kg2 Rd7 37. Rh1 Re8 38. h4 Bxd4 39. Qxd4+ f6 40. hxg5 hxg5
41. Rh5 Rh8 42. Rxg5+ Kf7 43. Rg6 Rh4 44. Qe3 Qh8 45. Qe1 Rh2+ 46. Kf3 Qh3+ 47.
Kf4 Kf8 48. c5 Rh1 49. Qe2 Rf1+ 50. Ke4 Qh1+ 51. Kd4 Qg1+ 52. Kd3 Rd1+ 53. Kc2
Ra1 54. Kd3 Qxc5 55. Qd2 Qxd5+ 56. Ke2 Qg2+ 57. Kd3 Qh3+ 58. Kc4 Rc7+ 59. Kb4
Rg1 60. Qd4 Qh2 61. Qd5 Qf4+ 62. Ka3 Qc1+ 63. Ka4 Qf4+ 64. Rb4 b5+ 65. Ka5 1-0

[Event "World University Women"]
[Site "Katowice POL"]
[Date "2014.08.22"]
[Round "7.8"]
[White "Sun, Xinyue"]
[Black "Orehek, Spela"]
[Result "1-0"]
[WhiteElo "2042"]
[BlackElo "2035"]
[WhiteFideId "8600813"]
[BlackFideId "14605872"]
[EventDate "2014.08.18"]

1. e4 e5 2. Nf3 Nc6 3. Bb5 a6 4. Ba4 Nge7 5. O-O g6 6. c3 Bg7 7. d4 exd4 8. cxd4
b5 9. Bc2 O-O 10. h3 d6 11. Re1 Nb4 12. Bb3 c5 13. a3 Nbc6 14. Be3 c4 15. Bc2 h6
16. d5 Na5 17. Nd4 f5 18. exf5 Nxf5 19. Bxf5 Bxf5 20. Ne6 Bxe6 21. dxe6 Nb3 22.
Ra2 d5 23. Nd2 d4 24. Bxh6 Qh4 25. Bxg7 Qxf2+ 26. Kh1 Kxg7 27. Nxb3 cxb3 28. Ra1
Rac8 29. Re2 Qf4 30. Qxb3 Rc1+ 31. Re1 Rxa1 32. Rxa1 Qe4 33. Rc1 Re8 34. Qb4 Qe5
35. Rd1 Rxe6 36. Qxd4 Qxd4 37. Rxd4 Re2 38. Rb4 Kf6 39. Kh2 Kf5 40. b3 Rb2 41.
h4 Rb1 42. g3 g5 43. g4+ Kf6 44. h5 Rb2+ 45. Kg3 Rb1 46. Kf3 Rb2 47. Ke4 Ke6 48.
a4 bxa4 49. Rxa4 Rxb3 50. Rxa6+ Kf7 51. Ra5 Kf6 52. Rf5+ Ke6 53. Rxg5 Kf6 54.
Rg6+ Kf7 55. Kf4 Rb5 56. Kg3 Rb3+ 57. Kh4 Rb5 58. Rg5 Rb6 59. Ra5 Rb4 60. Kg5
Kg7 61. h6+ Kh7 62. Ra7+ Kh8 63. Kh5 Rb5+ 64. g5 Rc5 65. Rf7 Ra5 66. Kg6 Ra6+
67. Rf6 Ra8 68. Rd6 Rg8+ 69. Kf6 Rf8+ 70. Ke7 Rf2 71. g6 Re2+ 72. Kf7 Rf2+ 73.
Rf6 1-0

[Event "World University Women"]
[Site "Katowice POL"]
[Date "2014.08.22"]
[Round "7.10"]
[White "Rosas Rodriguez, Carmen Melissa"]
[Black "Shibata, Misaki"]
[Result "1-0"]
[WhiteTitle "WCM"]
[WhiteElo "1807"]
[BlackElo "1592"]
[WhiteFideId "5111005"]
[BlackFideId "7001134"]
[EventDate "2014.08.18"]

1. d4 d5 2. e3 Bf5 3. c4 e6 4. Qb3 Qc8 5. cxd5 Nf6 6. dxe6 Bxe6 7. Bc4 Bxc4 8.
Qxc4 Be7 9. Nf3 Nbd7 10. Nc3 c6 11. Bd2 Nb6 12. Qb3 O-O 13. Rc1 Qd8 14. O-O c5
15. dxc5 Bxc5 16. Rfd1 Qe7 17. Nb5 Ne4 18. Nbd4 Rac8 19. Be1 Kh8 20. a4 Rb8 21.
Qa2 Nd7 22. Nf5 Qf6 23. Ng3 Nxg3 24. hxg3 Bd6 25. Qd5 1-0

[Event "World University Women"]
[Site "Katowice POL"]
[Date "2014.08.22"]
[Round "7.11"]
[White "Mareckova, Martina"]
[Black "Garcia Morales, Ivette Ale"]
[Result "1-0"]
[WhiteTitle "WFM"]
[BlackTitle "WIM"]
[WhiteElo "2107"]
[BlackElo "2113"]
[WhiteFideId "327930"]
[BlackFideId "5105994"]
[EventDate "2014.08.18"]

1. e4 e6 2. d3 d5 3. Qe2 Nf6 4. Nf3 Be7 5. Nbd2 b6 6. g3 Bb7 7. e5 Nfd7 8. Bg2
c5 9. c4 Qc7 10. O-O g5 11. h3 h6 12. Re1 dxc4 13. dxc4 Nc6 14. b3 Nd4 15. Nxd4
cxd4 16. Bxb7 Qxb7 17. Bb2 O-O-O 18. Bxd4 Bc5 19. Ne4 Kb8 20. Bc3 Be7 21. Rad1
Rhg8 22. Nd6 Bxd6 23. Rxd6 Qc7 24. Red1 Nc5 25. Bb4 Nb7 26. Qh5 Kc8 27. Rxd8+
Rxd8 28. Rxd8+ Nxd8 29. Bd6 Qb7 30. Qxh6 1-0

[Event "World University Women"]
[Site "Katowice POL"]
[Date "2014.08.23"]
[Round "8.1"]
[White "Kulon, Klaudia"]
[Black "Gevorgyan, Maria"]
[Result "1/2-1/2"]
[WhiteTitle "WIM"]
[BlackTitle "WFM"]
[WhiteElo "2301"]
[BlackElo "2130"]
[WhiteFideId "1131044"]
[BlackFideId "13300270"]
[EventDate "2014.08.18"]

1. c4 e6 2. g3 d5 3. Bg2 Nf6 4. Nf3 dxc4 5. Qa4+ Nbd7 6. Qxc4 a6 7. d4 b5 8. Qc2
Bb7 9. a4 c5 10. O-O Rc8 11. axb5 axb5 12. dxc5 Bxc5 13. Qb3 Qb6 14. Nc3 Ng4 15.
e3 Bc6 16. Nd4 Bxg2 17. Kxg2 b4 18. Na4 Qb7+ 19. f3 Be7 20. Bd2 Nge5 21. Rfc1
O-O 22. e4 Rxc1 23. Bxc1 Ra8 24. Qd1 Nf6 25. Bf4 Ng6 26. Be3 Rd8 27. Qe2 Ne5 28.
Bf2 g5 29. h3 h5 30. Re1 h4 31. gxh4 Nh5 32. Qc2 Nf4+ 33. Kh1 Nfd3 34. Rf1 Nxf2+
35. Qxf2 Qd7 36. Ne2 Qxa4 37. hxg5 Rd1 38. f4 Nd3 39. Qg1 Rxf1 40. Qxf1 Nxb2 41.
Qg2 Kg7 42. f5 Qd1+ 43. Kh2 Bd6+ 44. Ng3 Qb3 45. f6+ Kg8 46. e5 Bf8 47. g6 fxg6
48. Ne4 Kh8 49. Qxg6 Qc2+ 50. Kg3 Qd3+ 51. Kh4 Qf3 52. Ng5 Qf2+ 53. Kh5 Qe2+ 54.
Kh4 Qf2+ 55. Kh5 1/2-1/2

[Event "World University Women"]
[Site "Katowice POL"]
[Date "2014.08.23"]
[Round "8.2"]
[White "Munguntuul, Batkhuyag"]
[Black "Bartel, Marta"]
[Result "0-1"]
[WhiteTitle "IM"]
[BlackTitle "WGM"]
[WhiteElo "2410"]
[BlackElo "2359"]
[WhiteFideId "4900758"]
[BlackFideId "1123009"]
[EventDate "2014.08.18"]

1. e4 c5 2. Nf3 d6 3. d4 cxd4 4. Nxd4 Nf6 5. Nc3 Nc6 6. Bg5 Qb6 7. Nb3 e6 8. Qd2
Be7 9. f3 O-O 10. O-O-O Rd8 11. Qe1 a6 12. g4 Qc7 13. Be3 b5 14. g5 Nd7 15. f4
Bb7 16. Rg1 b4 17. Na4 Nc5 18. Naxc5 dxc5 19. Bc4 Nd4 20. Nd2 a5 21. Rg3 a4 22.
Rh3 b3 23. cxb3 axb3 24. a3 Ra4 25. Qh4 Rxc4+ 26. Nxc4 Ne2+ 0-1

[Event "World University Women"]
[Site "Katowice POL"]
[Date "2014.08.23"]
[Round "8.3"]
[White "Gasik, Anna"]
[Black "Ding, Yixin"]
[Result "0-1"]
[WhiteTitle "WIM"]
[BlackTitle "WGM"]
[WhiteElo "2230"]
[BlackElo "2449"]
[WhiteFideId "1121952"]
[BlackFideId "8602972"]
[EventDate "2014.08.18"]

1. e4 c5 2. Nf3 d6 3. Bb5+ Bd7 4. Bxd7+ Qxd7 5. c4 g6 6. d4 cxd4 7. Nxd4 Bg7 8.
Nc3 Nf6 9. h3 O-O 10. O-O a6 11. a4 Nc6 12. Be3 Qd8 13. Rc1 Qa5 14. b3 Rfd8 15.
f4 e6 16. Qf3 Nd7 17. Nce2 Nc5 18. Rb1 Qc7 19. Rfd1 Rac8 20. Nc3 Nxd4 21. Bxd4
Bxd4+ 22. Rxd4 Qb6 23. a5 Qb4 24. Qe3 Nd7 25. Kh1 Nb8 26. f5 Qxa5 27. Rbd1 Qe5
28. R4d3 Nc6 29. Rf1 Nb4 30. f6 Kh8 31. Qh6 Rg8 32. Rdf3 b5 33. Ne2 bxc4 34.
bxc4 Rxc4 35. Ng3 Rc5 36. Rb3 a5 37. h4 g5 38. Nf5 exf5 39. exf5 Qe4 40. hxg5
Rxf5 0-1

[Event "World University Women"]
[Site "Katowice POL"]
[Date "2014.08.23"]
[Round "8.4"]
[White "Zhang, Xiaowen"]
[Black "Dogodkina, Julia"]
[Result "1-0"]
[WhiteTitle "WGM"]
[BlackTitle "WFM"]
[WhiteElo "2375"]
[BlackElo "2210"]
[WhiteFideId "8603219"]
[BlackFideId "24143375"]
[EventDate "2014.08.18"]

1. e4 e5 2. Nf3 Nc6 3. Bb5 Nf6 4. O-O Nxe4 5. d4 Nd6 6. Bxc6 dxc6 7. dxe5 Nf5 8.
Qxd8+ Kxd8 9. Nc3 h6 10. h3 Bd7 11. Rd1 Kc8 12. b3 b6 13. Bb2 Ne7 14. Rd2 c5 15.
Rad1 Bc6 16. Nh2 Kb7 17. Nf1 Ng6 18. Ne2 c4 19. bxc4 Bb4 20. Rd3 Rhe8 21. f4 f6
22. Rg3 Bc5+ 23. Kh2 Be4 24. exf6 gxf6 25. Bxf6 Bf2 26. Rc3 Bxg2 27. Kxg2 Rxe2
28. Kf3 Re1 29. Rxe1 Bxe1 30. Re3 Rf8 31. Rxe1 Rxf6 32. Re4 Nh4+ 33. Kg4 Nf5 34.
Ne3 Nd6 35. Re7 b5 36. c5 Nc4 37. Nxc4 bxc4 38. f5 Ra6 39. Re4 Kc8 40. Re6 c6
41. f6 Kd7 42. Re2 1-0

[Event "World University Women"]
[Site "Katowice POL"]
[Date "2014.08.23"]
[Round "8.5"]
[White "Fominykh, Maria"]
[Black "Lach, Aleksandra"]
[Result "1/2-1/2"]
[WhiteTitle "WIM"]
[BlackTitle "WFM"]
[WhiteElo "2296"]
[BlackElo "2190"]
[WhiteFideId "4142411"]
[BlackFideId "1134299"]
[EventDate "2014.08.18"]

1. d4 f5 2. g3 Nf6 3. Bg2 g6 4. c4 Bg7 5. Nc3 d6 6. Nf3 O-O 7. O-O c6 8. b3 Qa5
9. Qc2 e5 10. dxe5 dxe5 11. e4 Na6 12. Bb2 Nb4 13. Qe2 fxe4 14. Nxe4 Nxe4 15. a3
Na6 16. b4 Nxg3 17. hxg3 Qc7 18. Nxe5 Re8 19. f4 Be6 20. c5 Nb8 21. Rfe1 Nd7 22.
Nc4 Bxb2 23. Nxb2 Nf6 24. Qc2 Qf7 25. Bf1 Bb3 26. Qxb3 Qxb3 27. Bc4+ Qxc4 28.
Nxc4 Nd5 29. Na5 Rxe1+ 30. Rxe1 Rb8 31. Re5 a6 32. Kf2 Kf7 33. Kf3 Nc3 34. Re3
Nd5 35. Re1 Nc3 36. Nc4 Nd5 37. g4 Kg7 38. Nd6 b6 39. cxb6 Rxb6 40. Nc4 Rb8 41.
Re6 Rf8 42. Rxc6 Rxf4+ 43. Kg3 Rd4 44. Ne5 Re4 45. Nf3 a5 46. bxa5 Ra4 47. Rc5
Nf6 48. Rc7+ Kg8 49. Rc8+ Kg7 50. Rc7+ Kg8 51. Rc8+ 1/2-1/2

[Event "World University Women"]
[Site "Katowice POL"]
[Date "2014.08.23"]
[Round "8.6"]
[White "Sun, Xinyue"]
[Black "Tomnikova, Lidia"]
[Result "1/2-1/2"]
[BlackTitle "WIM"]
[WhiteElo "2042"]
[BlackElo "2216"]
[WhiteFideId "8600813"]
[BlackFideId "4113110"]
[EventDate "2014.08.18"]

1. e4 e5 2. Nf3 Nc6 3. Nc3 Nf6 4. Bb5 Bc5 5. O-O d6 6. d4 exd4 7. Nxd4 Bd7 8.
Nxc6 bxc6 9. Bd3 Ng4 10. h3 Ne5 11. Na4 Bb6 12. Nxb6 axb6 13. Be2 c5 14. f4 Nc6
15. c3 O-O 16. b3 f5 17. Bf3 fxe4 18. Bxe4 Qh4 19. Qf3 Ne5 20. Qf2 Qxf2+ 21.
Rxf2 Nc6 22. Bd2 Ra3 23. Bc1 Ra7 24. Bb2 Ne7 25. c4 Bc6 26. Re1 Bxe4 27. Rxe4
Nc6 28. a3 Raa8 29. Rfe2 Kf7 30. b4 cxb4 31. axb4 Rfe8 32. Rxe8 Rxe8 33. Rxe8
Kxe8 34. Bc3 Kf7 35. Kf2 d5 36. cxd5 Ne7 37. d6 cxd6 38. Kf3 Nd5 39. Bd2 b5 40.
Ke4 Nf6+ 41. Kd4 Ke6 42. g4 g6 43. Be1 h5 44. gxh5 Nxh5 45. Bd2 Ng3 46. Be1 Nf5+
47. Ke4 d5+ 48. Kd3 Ng7 49. Kd4 Kd6 50. Kd3 Ne6 51. Ke3 Ke7 52. Bc3 Kf7 53. Bb2
Ke7 54. Bc3 1/2-1/2

[Event "World University Women"]
[Site "Katowice POL"]
[Date "2014.08.23"]
[Round "8.7"]
[White "Khlichkova, Tatiana"]
[Black "Rothebarth, Ana Vitoria de Paula"]
[Result "1-0"]
[WhiteTitle "WFM"]
[WhiteElo "2232"]
[BlackElo "2042"]
[WhiteFideId "24145084"]
[BlackFideId "2113961"]
[EventDate "2014.08.18"]

1. d4 Nf6 2. Bg5 e6 3. e4 h6 4. Bxf6 Qxf6 5. c3 d5 6. Bd3 dxe4 7. Bxe4 c6 8. Nf3
Nd7 9. O-O Bd6 10. Nbd2 O-O 11. Bc2 Bc7 12. Ne4 Qd8 13. Qd3 g6 14. Rad1 f5 15.
Ng3 Qf6 16. Rfe1 e5 17. dxe5 Nxe5 18. Nxe5 Bxe5 19. Qe3 f4 20. Qxe5 fxg3 21.
Qxf6 gxh2+ 22. Kxh2 Rxf6 23. Bb3+ Kg7 24. Re7+ Kf8 25. Rh7 Ke8 26. Rh8+ Ke7 27.
Rdd8 1-0

[Event "World University Women"]
[Site "Katowice POL"]
[Date "2014.08.23"]
[Round "8.8"]
[White "Terao, Juliana Sayumi"]
[Black "Rosas Rodriguez, Carmen Melissa"]
[Result "1-0"]
[WhiteTitle "WIM"]
[BlackTitle "WCM"]
[WhiteElo "2222"]
[BlackElo "1807"]
[WhiteFideId "2109220"]
[BlackFideId "5111005"]
[EventDate "2014.08.18"]

1. e4 e5 2. Nf3 Nc6 3. Nc3 Nf6 4. Bb5 a6 5. Bxc6 dxc6 6. Nxe5 Qe7 7. d4 Be6 8.
O-O O-O-O 9. f4 c5 10. d5 c6 11. d6 Rxd6 12. Qe2 Rd8 13. Be3 Nd7 14. Nxc6 bxc6
15. Qxa6+ Kc7 16. f5 Rc8 17. Bf4+ Kd8 18. fxe6 Qxe6 19. Rad1 c4 20. Na4 f6 21.
Kh1 1-0

[Event "World University Women"]
[Site "Katowice POL"]
[Date "2014.08.23"]
[Round "8.9"]
[White "Enkhtuul, Altan-Ulzii"]
[Black "Mareckova, Martina"]
[Result "1/2-1/2"]
[WhiteTitle "WIM"]
[BlackTitle "WFM"]
[WhiteElo "2300"]
[BlackElo "2107"]
[WhiteFideId "4901444"]
[BlackFideId "327930"]
[EventDate "2014.08.18"]

1. d4 Nf6 2. Nf3 g6 3. Bf4 Bg7 4. e3 O-O 5. Be2 d6 6. c3 Nbd7 7. h3 c6 8. Nbd2
Re8 9. O-O e5 10. dxe5 dxe5 11. Bh2 Qe7 12. Bc4 Nd5 13. Ne4 N7b6 14. Bb3 Bf5 15.
Ng3 Be6 16. Qb1 Rad8 17. Ne2 Bc8 18. e4 Nc7 19. Qc1 Rd3 20. Bc2 Rdd8 21. b3 Kh8
22. Bg3 Qf8 23. Bh4 f6 24. Nh2 Qc5 25. a4 Ne6 26. Bg3 a5 27. Kh1 Qd6 28. Rd1 Qe7
29. Qe3 Qc5 30. Qxc5 Nxc5 31. f3 Bf8 32. Bf2 Be6 33. Nf1 Kg7 34. c4 Nc8 35. Be1
b6 36. f4 Bd6 37. f5 Bf7 38. fxg6 hxg6 39. Ne3 Ne6 40. Ng4 Be7 41. Bf2 Rxd1+ 42.
Rxd1 Rd8 43. Rxd8 Nxd8 44. Be3 Ne6 45. Kg1 Bc5 46. Kf2 Nd6 47. Bxc5 Nxc5 48. Nc3
Ne6 49. Ke3 Nf4 50. Kf2 Nb7 51. Ne2 Ne6 52. Ke3 Nec5 53. Nc3 Nd6 54. Nf2 Be6 55.
Nd3 Nxd3 56. Bxd3 Nb7 57. Bc2 Kh6 58. h4 Nc5 59. Bd1 f5 60. g3 Bd7 61. exf5 gxf5
62. Na2 Be6 63. Nc1 Kg6 64. Nd3 Nxd3 65. Kxd3 c5 66. Ke3 Kf6 67. Be2 Bf7 1/2-1/2

[Event "World University Women"]
[Site "Katowice POL"]
[Date "2014.08.23"]
[Round "8.10"]
[White "Heinatz, Maria"]
[Black "Eric, Jovana"]
[Result "0-1"]
[BlackTitle "WIM"]
[WhiteElo "1889"]
[BlackElo "2201"]
[WhiteFideId "1312073"]
[BlackFideId "938238"]
[EventDate "2014.08.18"]

1. e4 c5 2. Nf3 Nc6 3. d4 cxd4 4. Nxd4 e5 5. Nb5 d6 6. N1c3 a6 7. Na3 Be7 8. Nc4
b5 9. Ne3 Nf6 10. Bd3 Be6 11. O-O Nb4 12. a3 Nxd3 13. Qxd3 O-O 14. Ncd5 Rc8 15.
Nxf6+ Bxf6 16. Rd1 Be7 17. Bd2 Qc7 18. a4 Qb7 19. axb5 axb5 20. b3 Ra8 21. Bb4
g6 22. Rxa8 Rxa8 23. f3 Qb6 24. Kh1 Ra2 25. Qc3 h5 26. Qe1 Bg5 27. Nf1 Rxc2 28.
Bxd6 Bf4 29. b4 Bc4 30. Be7 Re2 31. Qh4 Kh7 32. Bf6 Rf2 33. Ng3 Bxg3 34. hxg3
Bf1 35. Rd8 Bxg2+ 36. Kh2 Bxf3+ 37. Kh3 Bg4+ 0-1

[Event "World University Women"]
[Site "Katowice POL"]
[Date "2014.08.24"]
[Round "9.1"]
[White "Zhang, Xiaowen"]
[Black "Kulon, Klaudia"]
[Result "0-1"]
[WhiteTitle "WGM"]
[BlackTitle "WIM"]
[WhiteElo "2375"]
[BlackElo "2301"]
[WhiteFideId "8603219"]
[BlackFideId "1131044"]
[EventDate "2014.08.18"]

1. e4 e5 2. Nf3 Nc6 3. Bb5 a6 4. Ba4 d6 5. c3 Bd7 6. O-O g6 7. d4 Bg7 8. d5 Nce7
9. Bxd7+ Qxd7 10. c4 h6 11. Nc3 f5 12. exf5 gxf5 13. Nh4 Nf6 14. f4 O-O 15. Re1
e4 16. Be3 b5 17. b3 bxc4 18. bxc4 Rab8 19. Rc1 c5 20. dxc6 Nxc6 21. h3 Nb4 22.
Rf1 Nd3 23. Rb1 Rxb1 24. Qxb1 Kh7 25. Qb6 Qe6 26. Ne2 Qxc4 27. Qxd6 Nd5 28. Qg6+
Kh8 29. Ba7 Ne7 30. Qd6 Nc8 31. Ng6+ Kg8 32. Ne7+ Nxe7 33. Qxe7 Qxa2 34. Bd4 Rf7
35. Qd8+ Kh7 36. Ng3 Qd2 37. Bxg7 Rxg7 38. Kh2 Qa2 39. Qc8 Qf7 40. Ra1 e3 41.
Rxa6 Rxg3 42. Kxg3 e2 43. Re6 Qxe6 44. Qxe6 e1=Q+ 45. Qxe1 Nxe1 46. Kf2 Nc2 47.
g4 Kg6 48. Ke2 h5 49. Kf3 Nd4+ 50. Kg3 Ne6 51. Kf3 h4 52. Ke3 Kf6 53. Kf3 Nc7
54. Ke3 Nd5+ 55. Kf3 Kg6 0-1

[Event "World University Women"]
[Site "Katowice POL"]
[Date "2014.08.24"]
[Round "9.2"]
[White "Ding, Yixin"]
[Black "Munguntuul, Batkhuyag"]
[Result "1/2-1/2"]
[WhiteTitle "WGM"]
[BlackTitle "IM"]
[WhiteElo "2449"]
[BlackElo "2410"]
[WhiteFideId "8602972"]
[BlackFideId "4900758"]
[EventDate "2014.08.18"]

1. e4 c5 2. Nf3 e6 3. d4 cxd4 4. Nxd4 Nc6 5. Nc3 a6 6. Be2 d6 7. O-O Nf6 8. Be3
Be7 9. f4 O-O 10. Kh1 e5 11. Nb3 exf4 12. Bxf4 Be6 13. Nd4 Nxd4 14. Qxd4 Qc7 15.
Rad1 Rad8 16. Bf3 Rfe8 17. Rd2 Qc8 18. h3 Nd7 19. Nd5 Bxd5 20. Qxd5 Ne5 21. Bh5
Ng6 22. Bg3 Bf6 23. Bg4 Qc6 24. Qxc6 bxc6 25. Rxd6 Rxd6 26. Bxd6 Bxb2 27. Rb1
Be5 28. Bc5 Bf4 29. Bf3 Ne5 30. Be2 Nd7 31. Bf2 Rxe4 32. Bxa6 Ra4 33. Bc8 Nf6
34. g3 Be5 35. Bf5 g6 36. Bd3 Rxa2 37. Rb6 Nd5 38. Rxc6 Nb4 39. Rc8+ Kg7 40. Kg1 1/2-1/2

[Event "World University Women"]
[Site "Katowice POL"]
[Date "2014.08.24"]
[Round "9.3"]
[White "Gevorgyan, Maria"]
[Black "Bartel, Marta"]
[Result "1/2-1/2"]
[WhiteTitle "WFM"]
[BlackTitle "WGM"]
[WhiteElo "2130"]
[BlackElo "2359"]
[WhiteFideId "13300270"]
[BlackFideId "1123009"]
[EventDate "2014.08.18"]

1. e4 c5 2. Nc3 a6 3. g3 Nc6 4. Bg2 g6 5. Nge2 Bg7 6. d3 d6 7. O-O e6 8. Bd2
Nge7 9. Qc1 O-O 10. Bh6 Rb8 11. Bxg7 Kxg7 12. a4 Nd4 13. Nxd4 cxd4 14. Ne2 e5
15. f4 Bg4 16. Rf2 f6 17. h3 Bxe2 18. Rxe2 Rc8 19. h4 Qd7 20. Kh2 Qg4 21. Rf2
Rc5 22. Bh3 Qh5 23. Qd2 Nc6 24. Ra3 exf4 25. Qxf4 Qd1 26. Rb3 Na5 27. Rb6 Rxc2
28. Rxd6 Rxf2+ 29. Qxf2 Nc6 30. Be6 Ne5 31. Kg2 Nxd3 32. Qxd4 Qe2+ 33. Kg1 Ne5
34. Qf2 Qxe4 35. Bd5 Qxa4 36. Bxb7 Ng4 37. Qd2 Re8 38. Bxa6 Qa1+ 39. Kg2 Ne3+
40. Kh2 Qxa6 41. Qxe3 Qb5 42. Qa7+ Kh8 43. Rxf6 Qxb2+ 44. Rf2 Qe5 1/2-1/2

[Event "World University Women"]
[Site "Katowice POL"]
[Date "2014.08.24"]
[Round "9.4"]
[White "Sun, Xinyue"]
[Black "Fominykh, Maria"]
[Result "0-1"]
[BlackTitle "WIM"]
[WhiteElo "2042"]
[BlackElo "2296"]
[WhiteFideId "8600813"]
[BlackFideId "4142411"]
[EventDate "2014.08.18"]

1. e4 e6 2. d4 d5 3. Nc3 Nf6 4. e5 Nfd7 5. f4 c5 6. Nf3 Nc6 7. Be3 a6 8. Ne2 Qb6
9. Qc1 g5 10. dxc5 Bxc5 11. Bxc5 Nxc5 12. Nxg5 h6 13. Nh3 Qb4+ 14. Kd1 Ne4 15.
c3 Qb6 16. Ng3 Bd7 17. Bd3 Nxg3 18. hxg3 Rg8 19. Qd2 Rxg3 20. Bf1 Ne7 21. Qf2
Re3 22. g4 d4 23. c4 Ba4+ 24. Kc1 Qb4 25. Be2 Rc3+ 26. Kb1 Rc2 27. Qxd4 Rd8 28.
a3 Qb3 29. Qxd8+ Kxd8 0-1

[Event "World University Women"]
[Site "Katowice POL"]
[Date "2014.08.24"]
[Round "9.5"]
[White "Lach, Aleksandra"]
[Black "Khlichkova, Tatiana"]
[Result "1-0"]
[WhiteTitle "WFM"]
[BlackTitle "WFM"]
[WhiteElo "2190"]
[BlackElo "2232"]
[WhiteFideId "1134299"]
[BlackFideId "24145084"]
[EventDate "2014.08.18"]

1. e4 e6 2. d4 d5 3. Nd2 Be7 4. c3 c5 5. exd5 Qxd5 6. Ngf3 Nc6 7. Bc4 Qh5 8.
dxc5 Qxc5 9. O-O Nf6 10. b4 Qd6 11. Qe2 b6 12. a4 Qc7 13. Re1 O-O 14. Nb3 a5 15.
b5 Nd8 16. Nbd4 Kh8 17. Bg5 Nb7 18. Nc6 Bd6 19. Qd2 Nd7 20. Bb3 f6 21. Be3 e5
22. g3 Ndc5 23. Bd5 Bg4 24. Nh4 Rae8 25. f3 Bc8 26. Kh1 Qd7 27. g4 e4 28. Qg2
exf3 29. Ng6+ 1-0

[Event "World University Women"]
[Site "Katowice POL"]
[Date "2014.08.24"]
[Round "9.6"]
[White "Tomnikova, Lidia"]
[Black "Gasik, Anna"]
[Result "1-0"]
[WhiteTitle "WIM"]
[BlackTitle "WIM"]
[WhiteElo "2216"]
[BlackElo "2230"]
[WhiteFideId "4113110"]
[BlackFideId "1121952"]
[EventDate "2014.08.18"]

1. e4 c5 2. Nf3 e6 3. d4 cxd4 4. Nxd4 a6 5. Bd3 Bc5 6. Nb3 Be7 7. Qg4 g6 8. Qe2
d6 9. O-O Nd7 10. Nc3 Qc7 11. Bd2 Ngf6 12. Rae1 b6 13. f4 Bb7 14. e5 Nd5 15. Ne4
dxe5 16. fxe5 Nxe5 17. c4 Nxd3 18. Qxd3 Nb4 19. Bxb4 Bxb4 20. Qd4 e5 21. Nf6+
Kf8 22. Rxe5 Rd8 23. Qf4 Kg7 24. Nh5+ 1-0

[Event "World University Women"]
[Site "Katowice POL"]
[Date "2014.08.24"]
[Round "9.7"]
[White "Dogodkina, Julia"]
[Black "Terao, Juliana Sayumi"]
[Result "0-1"]
[WhiteTitle "WFM"]
[BlackTitle "WIM"]
[WhiteElo "2210"]
[BlackElo "2222"]
[WhiteFideId "24143375"]
[BlackFideId "2109220"]
[EventDate "2014.08.18"]

1. c4 Nf6 2. Nf3 g6 3. d4 Bg7 4. e3 O-O 5. Be2 c5 6. d5 d6 7. Nc3 e5 8. dxe6
fxe6 9. e4 Nc6 10. Bg5 Qb6 11. O-O Nd4 12. Qd2 e5 13. b3 Qb4 14. Bd1 Be6 15. Qc1
Qa5 16. Bd2 Qd8 17. Ng5 a6 18. Nxe6 Nxe6 19. a4 b6 20. Rb1 Nd4 21. h4 Qe8 22.
Bh6 Ra7 23. Rb2 Qe6 24. Bg5 Raf7 25. Qe3 h6 26. Bxh6 Ng4 27. Bxg4 Qxg4 28. Qg5
Nf3+ 0-1